00953cam a22001933a 450000100060000000300060000600500170001200800410002904000150007004200070008524504620009226000290055450600300058351600200061370000250063370000300065883000290068885600420071745101PGUSA20140828084030.0140309s2014||||xxu|||||s|||||000 | eng d aPGUSAbeng adc14aThe Philippine Islands, 1493-1898, Volume XXXV, 1640-1649 :bExplorations by early navigators, descriptions of the islands and their peoples, their history and records of the catholic missions, as related in contemporaneous books and manuscripts, showing the political, economic, commercial and religious conditions of those islands from their earliest relations with European nations to the close of the nineteenth centuryh[electronic resource] /cVarious bProject Gutenberg,c2014 aPublic domain in the USA. aElectronic text1 aRobertson, Alexander1 aBlair, Emma Helen,d-1911 0aProject Gutenbergv4510140uhttp://www.gutenberg.org/ebooks/45101